| 000 | 00597nam a2200193 i 4500 | ||
|---|---|---|---|
| 001 | 180937 | ||
| 003 | ES-MaACL | ||
| 005 | 20240320062613.0 | ||
| 008 | 120831s1982 ac |||| |bspa d | ||
| 080 | _a069.02:929 Azorín | ||
| 110 | 2 |
_aCasa-Museo Azorín. _9151384 |
|
| 245 | 1 | _aCasa-Museo Azorín, Monóvar. | |
| 260 |
_a[Monóvar] : _bCaja de Ahorros de Alicante y Murcia, _cD.L. 1982. |
||
| 300 |
_a[24]p. : _bretr. ; _c25 cm. |
||
| 600 | 0 | 4 |
_aAzorín, _d1873-1967 _924326 |
| 710 | 2 |
_aCaja de Ahorros de Alicante y Murcia. _92281 |
|
| 852 |
_aES-MaACL _j2318-F-20 |
||
| 999 |
_c180937 _d180937 |
||